书目信息 |
| 题名: |
世界园林
|
|
| 作者: | 斯图尔特 著 ;周娟 译 | |
| 分册: | ||
| 出版信息: | 北京 电子工业出版社 2013.11 |
|
| 页数: | 251页 | |
| 开本: | 26cm | |
| 丛书名: | ||
| 单 册: | ||
| 中图分类: | TU986.61 | |
| 科图分类: | ||
| 主题词: | 园林--介绍--世界 , 园林 | |
| 电子资源: | ||
| ISBN: | 978-7-121-21742-5 | |
| 000 | 01140nam0 2200289 450 | |
| 001 | 0120131186001 | |
| 005 | 20140609090013.34 | |
| 010 | @a978-7-121-21742-5@dCNY98.00 | |
| 100 | @a20131216d2013 em y0chiy0110 ea | |
| 101 | 1 | @achi@ceng |
| 102 | @aCN@b110000 | |
| 105 | @aa z 000yy | |
| 106 | @ar | |
| 200 | 1 | @a世界园林@9shi jie yuan lin@e文化与传统@f(英)Rory Stuart著@g周娟译 |
| 210 | @a北京@c电子工业出版社@d2013.11 | |
| 215 | @a251页@c图@d26cm | |
| 305 | @a由Frances Lincoln Limited授权 | |
| 330 | @a本书详细分析了当今世界最著名的园林风格,包括意大利园林、伊斯兰园林、中国园林、日本园林、英国园林等多个重要的园林风格。以地理位置为基础,从不同国家的人文社会、生活习惯、欣赏角度来分析不同风格的园林的形成背景和历史,并讲解了不同风格园林的不同特点。 | |
| 333 | @a园林设计师、建筑设计师,园林景观设计相关专业的学者、在校学生 | |
| 517 | 1 | @a文化与传统@9wen hua yu chuan tong |
| 606 | 0 | @a园林@x介绍@y世界 |
| 606 | 0 | @a园林 |
| 690 | @aTU986.61@v5 | |
| 701 | 0 | @c(英)@a斯图尔特@9si tu er te@c(Stuart, Rory)@4著 |
| 702 | 0 | @a周娟@9zhou juan@4译 |
| 801 | 0 | @aCN@b人天书店@c20131216 |
| 905 | @b548438-40@dTU986.61@e653@f3 | |
| 世界园林:文化与传统/(英)Rory Stuart著/周娟译.-北京:电子工业出版社,2013.11 |
| 251页:图;26cm |
| 使用对象:园林设计师、建筑设计师,园林景观设计相关专业的学者、在校学生 |
| ISBN 978-7-121-21742-5:CNY98.00 |
| 本书详细分析了当今世界最著名的园林风格,包括意大利园林、伊斯兰园林、中国园林、日本园林、英国园林等多个重要的园林风格。以地理位置为基础,从不同国家的人文社会、生活习惯、欣赏角度来分析不同风格的园林的形成背景和历史,并讲解了不同风格园林的不同特点。 |
| ● |
| 相关链接 |
|
|
|
|
正题名:世界园林
索取号:TU986.61/653
 
预约/预借
| 序号 | 登录号 | 条形码 | 馆藏地/架位号 | 状态 | 备注 |
| 1 | 548438 | 205484386 | 第二样本阅览室/ [索取号:TU986.61/653] | 在馆 | |
| 2 | 548439 | 205484395 | 密集书库-生命科学系/ [索取号:TU986.61/653] | 在馆 | |
| 3 | 548440 | 205484402 | 第三借阅区/ [索取号:TU986.61/653] | 在馆 |